International effects of German unification.
Transformácia hospodárstva NDR na sociálnu trhovú ekonomiku. Problémy vzhľadom na silnejúce tendencie ku koncentrácii a protekcionizmu, ktoré vyúsťujú do procesov nedokonalej konkurencie v Európe a v svetovom hospodárstve.
Enregistré dans:
| Auteur principal: | |
|---|---|
| Format: | Chapitre de livre |
| Langue: | anglais |
| Sujets: | |
| Tags: |
Pas de tags, Soyez le premier à ajouter un tag!
|
MARC
| LEADER | 00000naa a2200000 4500 | ||
|---|---|---|---|
| 001 | r003480 | ||
| 005 | 20221130103333.2 | ||
| 041 | 0 | |a eng | |
| 044 | |a DE | ||
| 245 | 1 | 0 | |a International effects of German unification. |c P.J. Welfens |
| 520 | |a Transformácia hospodárstva NDR na sociálnu trhovú ekonomiku. Problémy vzhľadom na silnejúce tendencie ku koncentrácii a protekcionizmu, ktoré vyúsťujú do procesov nedokonalej konkurencie v Európe a v svetovom hospodárstve. | ||
| 610 | 2 | 0 | |a obdobie prechodné |
| 610 | 2 | 0 | |a hospodárstvo trhové |
| 610 | 2 | 0 | |a NDR |
| 610 | 2 | 0 | |a koncentrácia |
| 610 | 2 | 0 | |a protekcionizmus |
| 610 | 2 | 0 | |a konkurencia |
| 610 | 2 | 0 | |a Európa |
| 610 | 2 | 0 | |a hospodárstvo svetové |
| 100 | 1 | |a Welfens, P.J. | |